000 00320nam a22001217a 4500
008 230621b xxu||||| |||| 00| 0 eng d
082 _a328
_bKNA
110 _bKenya National Assembly
245 _aReport from westminster to the Kenyan Bunge
260 _bState University of New York
300 _a30p
942 _2ddc
_cBK
999 _c1974
_d1974